| 000 | 00689nas a2200241Ia 4500 | ||
|---|---|---|---|
| 001 | R019/42798 | ||
| 003 | IT-RoPAU | ||
| 008 | 151124c99999999xx |||||||||||| ||und|| | ||
| 040 | _aIT-RoPAU | ||
| 040 | _cIT-RoPAU | ||
| 041 | _aITALIANO | ||
| 100 |
_aVerdone Mario _gCodice Aut. SPICS: 86 |
||
| 210 | _aFILM SPECIAL | ||
| 222 | _aFilm Special | ||
| 245 |
_aFILM SPECIAL, N.3-1970 _bTerra di Cinema |
||
| 250 | _a1a ed. | ||
| 260 |
_aMILANO _bL'UFFICIO MODERNO _c1970 |
||
| 501 |
_bPaulus - SPICS - Società San Paolo EM (non-commercial uses only) _cCopyright2015 |
||
| 300 | _a4 p. [15-18] | ||
| 362 | _aN.3-1970 | ||
| 650 |
_aCINEMA _vPUBBLICAZIONE PERIODICA |
||
| 942 | _cCR | ||
| 999 |
_c198791 _d198791 |
||